Equatorial Guinea Provincial Capitals - Statistics

General Stats
  • This quiz has been taken 26 times
  • The average score is 3 of 8
Answer Stats
Province Capital % Correct
Litoral Bata
100%
Wele-Nzas Mongomo
44%
Djibloho Ciudad de la Paz
33%
Kié-Ntem Ebebiyín
33%
Bioko Sur Luba
33%
Annobón San Antonio de Palé
33%
Centro Sur Evinayong
22%
Bioko Norte Rebola
11%
No matching quizzes found
Score Distribution
Percent of People with Each Score
Percentile by Number Answered
Your Score History
You have not taken this quiz